[Event "Copa del Mundo"]
[Site "Khanty Mansyisk RUS"]
[Date "2005.12.03"]
[Round "31"]
[White "Van Wely, Loek"]
[Black "Radjabov, Teimour"]
[Result "1-0"]
[WhiteElo "2648"]
[BlackElo "2704"]
[Annotator "Ubilava, E"]
[PlyCount "79"]
[EventDate "2005.11.27"]
[Source "EDAMI"]
[SourceDate "2006.12.20"]

{En esta partida, Van Wely utilizó una novedad fuerte y muy difícil de repeler
sobre el tablero. Cuando estaba examinando las continuaciones teóricas de esta
variante, quedé bastante sorprendido de que nadie hasta ahora hubiera
intentado llevar a la práctica la jugada 13.Ne6! Debo admitir que el resto de
la tarea no fue nada difícil para el jugador holandés, quien desplazó sus
piezas por todo el tablero sin impedimentos y superó a su rival sin dejarle
opciones.} 1. d4 Nf6 2. c4 g6 3. Nc3 Bg7 4. e4 d6 5. Nf3 O-O 6. Be2 e5 7. O-O
Nc6 8. d5 Ne7 9. b4 Nh5 10. Re1 f5 11. Ng5 Nf6 12. f3 Kh8 {Es la jugada
preferida de Radjabov, aunque las negras también tienen otras alternativas: 
diagrama} (12... c6) (12... Nh5) 13. Ne6 $1 {Una muy interesante novedad en
esta posición, que conduce a variantes muy forzadas.} Bxe6 14. dxe6 fxe4 ({
Después de} 14... Nh5 15. c5 $1 (15. Nd5 {es un error por} c6) 15... Nf4 16.
Bc4 fxe4 17. fxe4 dxc5 18. bxc5 c6 19. Be3 Qa5 20. Qb3 {
las blancas están un pelín mejor.}) 15. fxe4 Nc6 ({La variante} 15... Qc8 16.
Nd5 Nc6 17. Rf1 Nxe4 18. e7 {puede ser muy peligrosa para las negras.}) 16. Nd5
Nxe4 17. Bf3 Nf6 18. b5 $1 {Las blancas toman la iniciativa definitivamente en
sus manos después de este avance.} Nxd5 19. bxc6 Nb6 ({Era interesante} 19...
Nc3 20. cxb7 e4 21. Qc2 ({también sirve} 21. bxa8=Q Qxa8 22. Qd2 exf3 23. e7
f2+ 24. Qxf2 Rxf2 25. e8=Q+ Rf8 26. Qxa8 Rxa8 27. Bb2 {con ventaja material})
21... Rb8 (21... exf3 22. e7 f2+ 23. Qxf2 Rxf2 24. Kxf2 $1 {y las blancas ganan
}) 22. Bxe4 c6 23. Bxg6 Rxb7 24. Bf7 {con gran ventaja para las blancas.}) 20.
cxb7 Rb8 {diagrama} 21. c5 $1 e4 ({En caso de} 21... dxc5 22. Qxd8 Rfxd8 {
la simple} 23. Bb2 {proporciona una ventaja decisiva al jugador holandés}) 22.
Rxe4 ({También parece suficiente} 22. e7 exf3 (22... Qxe7 23. Rxe4 Qd7 24. cxb6
axb6 25. Rb1 Rxb7 26. Bb2 {las blancas deben ganar}) 23. exd8=Q f2+ 24. Kh1
fxe1=Q+ 25. Qxe1 Rfxd8 26. cxb6 axb6 {con ventaja decisiva}) 22... dxc5 23.
Qxd8 Rfxd8 24. Bg5 Re8 25. Rd1 Bd4+ {Las negras no pueden luchar contra los
peones tan avanzados en su campo, por ejemplo} (25... Rxb7 26. Rd8 Rb8 27. Rxb8
Rxb8 28. e7 Re8 29. Re2 {y 30.Bc6}) 26. Rexd4 $1 cxd4 27. e7 h6 28. Bf6+ Kg8
29. Rxd4 Kf7 {diagrama} 30. Rd8 $1 {Esta irrupción desorganiza definitivamente
la disposición defensiva del jugador azerí.} Nd7 $5 {
El último cartucho de Teimour} ({pierde} 30... Kxf6 31. Rxe8 Rxe8 32. Bc6) 31.
Bh4 g5 32. Rxd7 {La lucha ha terminado.} Ke6 33. Bg4+ Kf6 34. Be1 Rxb7 35. Bc3+
Kg6 36. Bf3 Rb1+ 37. Kf2 Rc1 38. Rxc7 Kf5 39. Bh5 Rc2+ 40. Kf3 1-0

[Event "WCh-FIDE"]
[Site "San Luis ARG"]
[Date "2005.10.17"]
[Round "12"]
[White "Leko, Peter"]
[Black "Anand, Viswanathan"]
[Result "0-1"]
[WhiteElo "2763"]
[BlackElo "2788"]
[Annotator "Rahal, M"]
[PlyCount "106"]
[EventDate "2005.09.28"]
[Source "EDAMI"]
[SourceDate "2006.12.20"]

1. e4 e5 2. Nf3 Nf6 3. Nxe5 d6 4. Nf3 Nxe4 5. d4 d5 6. Bd3 Nc6 7. O-O Be7 8. c4
Nb4 9. Be2 O-O 10. a3 Nc6 11. cxd5 Qxd5 12. Nc3 Nxc3 13. bxc3 Bf5 14. Re1 Rfe8
15. Bf4 Rac8 16. h3 Be4 {Ambos jugadores movieron velozmente las piezas hasta
llegar a esta posición de la Petroff. En la primera partida de su match por el
trono mundial de ajedrez clásico contra Vladimir Kramnik el año pasado, Peter
jugó aquí 17.Be3 con la idea de jugar c3-c4. Kramnik contestó con la fuerte 17.
..Na5 y acabó venciendo en una buena partida con sacrificio de dama posicional
incluída.} 17. Nd2 $5 {# Novedad (?desafortunada?) de Leko, sin duda producto
de horas de análisis casero. Los maestros Huzman y Lukacs comentan esta opción
en el ChessBase Magazine pero sus análisis son poco convincentes, de hecho ni
mencionan la jugada 19...Bh4 de Anand. Curiosamente, Anand ya había analizado
esta opción en casa, por lo que el factor sorpresa de Leko quedó en nada. Los
contendientes siguieron jugando a gran velocidad.} (17. Be3 Na5 $1 18. c4 Nxc4
19. Bxc4 Qxc4 20. Nd2 Qd5 21. Nxe4 Qxe4 22. Bg5 Qxe1+ 23. Qxe1 Bxg5 24. Qa5 Bf6
25. Qxa7 c5 $1 26. Qxb7 Bxd4 27. Ra2 c4 {y las negras acabaron venciendo. Leko,
P-Kramnik,V (Campeonato del Mundo, Brissago 2004)}) 17... Bxg2 18. Bg4 {
Intermedia que ataca la torre de c8 y defiende el peón de h3 antes de encerrar
el alfil negro con f2-f3.} Bh1 {Amenazando mate en una.} 19. f3 Bh4 $1 {
Esta es la jugada que Lucaks (Húngaro, al igual que Leko) no menciona en sus
análisis para CBM. ?Cabe pensar que Leko no laconsideró?} 20. Rf1 (20. Rxe8+
Rxe8 21. Kxh1 Re1+) 20... f5 21. Bh5 g6 {Atrapando el alfil.} 22. Kxh1 gxh5 23.
Rg1+ Kh8 {La posición se ha clarificado. Ambos reyes están expuestas, pero
Anand tiene peón de ventaja y sus piezas bien situadas, por lo que no debe
estar peor.} 24. Qf1 Bf6 25. Rb1 {Atacando el peón de b7 y amenazando Rb5. A
estas alturas ambos jugadores ya estaban pensando.} Ne7 26. Bg5 $6 (26. Rb5 $5)
26... Bxg5 27. Rxg5 Rg8 $1 {Ahora las negras toman la iniciativa.} 28. Rxg8+
Rxg8 29. Qe2 Ng6 30. Rb5 Qc6 31. Rxf5 Qxc3 32. Rd5 Qxa3 {Dos peones de más y
ataque al rey blanco. La ventaja es decisiva, y Anand remata en buen estilo.}
33. Kh2 Qf8 34. Qe6 Qf4+ 35. Kh1 Rf8 36. Qe2 h4 37. Rd7 Rf7 38. Rd8+ Kg7 39.
Ne4 Qxf3+ 40. Qxf3 Rxf3 41. Nc5 b6 42. Ne6+ Kf6 43. Nxc7 Rxh3+ 44. Kg1 Rd3 45.
Nb5 {# Anand ahora incorpora su rey al ataque final.} Kg5 $1 46. Nxa7 h3 47.
Nc6 Kg4 48. Ra8 Kg3 49. Ra1 h2+ 50. Kh1 Nf4 51. Ne5 Re3 52. Rd1 Kh3 53. Nf7 Rg3
{Las blancas abandonaron ante las amenazas ...Nd3-f2 o ...Ne2-Rg1} 0-1

[Event "Cto. España Absoluto"]
[Site "Lorca, Murcia"]
[Date "2005.??.??"]
[Round "5"]
[White "Illescas Cordoba, Miguel"]
[Black "Lopez Martinez, Josep Manuel"]
[Result "1-0"]
[WhiteElo "2607"]
[BlackElo "2505"]
[Annotator "Rahal, M"]
[PlyCount "43"]
[EventDate "2005.??.??"]
[Source "EDAMI"]
[SourceDate "2006.12.20"]

1. d4 d5 2. c4 e6 3. Nc3 Nf6 4. cxd5 Nxd5 5. e4 Nxc3 6. bxc3 c5 7. Nf3 cxd4 8.
cxd4 Bb4+ 9. Bd2 Bxd2+ 10. Qxd2 O-O 11. Bc4 Nd7 12. O-O b6 13. Rad1 Bb7 14.
Rfe1 {Todas estas jugadas de la Defensa Semi-Tarrasch son bien conocidas y la
teoría establece que las blancas tienen una ventaja pequeña pero estable. Las
posiciones de medio juego suelen favorecer a las blancas, por el dominio del
centro, mientras que en el final el dos contra uno del flanco de dama puede
desequilibrar la partida a favor de las negras.} Rc8 15. Bb3 {La jugada más
habitual. Una de las ideas principales es el avance d4-d5. En este caso el
alfil estará mejor en b3.} ({
Precisamente López tuvo ocasión de jugar esta variante hace poco.} 15. Bd3 Qe7
16. Qf4 Rc3 17. d5 Qa3 18. Bb1 exd5 19. e5 g6 20. h4 Nc5 21. h5 Ne6 22. Qg4 Rc4
23. Qg3 Qb4 24. Bf5 Ng7 25. Bd7 Nxh5 26. Qg5 Nf4 27. Qf6 Bc8 28. Rb1 Qc5 29.
Bb5 Rc2 30. Qh4 Bf5 31. Bf1 Ne6 32. Rb5 Qc6 33. a4 Rc5 34. Rb4 Rc1 35. Re3 Qc5
36. Nd2 d4 37. Reb3 Rc8 38. g4 Bd3 39. Rxd3 Qxb4 40. Ne4 Rxf1+ {
0-1 Granero Roca,A-Lopez Martinez,J/Mislata 2001/EXT 2002}) 15... Re8 $6 ({
Se considera mejor} 15... Qf6 $1 {evitando que la dama se desarrolle por f4.
Illescas casi le gana a Ivanchuk en Bled 2002 con esta jugada} 16. h3 Rfd8 17.
Qe3 h6 18. Nh2 Qe7 19. Nf1 b5 20. d5 Nc5 21. dxe6 fxe6 22. Ng3 Rxd1 23. Rxd1
Kh8 24. Bc2 a5 25. e5 Bd5 26. Nh5 Bxa2 27. Nf4 Kg8 28. Qa3 Bc4 29. Qxa5 Qc7 30.
Qc3 Nd7 31. Ng6 {1/2-1/2 Illescas Cordoba,M-Ivanchuk,V/Bled 2002/EXT 2003}) 16.
d5 $5 {Fuerte jugada, creando amenazas en el centro. También interesantes son
16.Qf4 y 16.h3. Illescas jugó esta última jugada con Comas en el reciente
Campeonato de España por Equipos en Mérida. Veamos un par de ejemplos de los
peligros de esta variante para las negras.} (16. Qf4 Qf6 17. Qd6 Red8 18. Qa3
a5 19. Ba4 Qf4 20. Qe7 Qc7 21. d5 Qc5 22. d6 b5 23. Ng5 Ne5 24. Bb3 Rd7 25.
Nxe6 Qc3 26. Qg5 fxe6 27. Bxe6+ Nf7 28. Qxb5 Bc6 29. Qb3 Qxb3 30. axb3 Kf8 31.
e5 Re8 32. Bxd7 Bxd7 33. Rd5 Nd8 34. Rxa5 Nc6 35. Rc5 Kf7 36. f4 g6 37. g4 Nd4
38. Re4 Nf3+ 39. Kg2 Bxg4 40. Kg3 Nd2 41. Rc7+ Ke6 42. Rd4 Nxb3 43. Rd3 {
1-0 Van Wely,L-Hansen,C/Ter Apel 1993/CBM 035}) (16. h3 h6 17. Re3 Nf6 18. Qe2
Rc7 19. d5 exd5 20. e5 Nh5 21. Rd4 g6 22. Qd2 Ng7 23. Bxd5 Qa8 24. Red3 Nf5 25.
Bxb7 Qxb7 26. Rd7 Rec8 27. e6 fxe6 28. Ne5 Rxd7 29. Rxd7 Rc7 30. Rd8+ Kh7 31.
Nd7 Nh4 32. Rh8+ {
1-0 Illescas Cordoba,M-Comas Fabrego,L/Merida ESP 2005/The Week in Chess 566})
16... exd5 17. exd5 $146 ({Más fuerte que} 17. Bxd5 Bxd5 18. exd5 Qf6 19. d6 {
y la falta de alfiles de casilla blancas dificulta la eliminación delbloquador 
en d7.} h6 20. h3 Red8 21. Re7 Rc6 22. Qd5 Nb8 23. Qe5 Kf8 24. Re1 Qxe5 25.
Nxe5 Rcxd6 26. Rxf7+ Kg8 27. Rxa7 Re8 28. Re3 Nc6 29. Nxc6 Rxe3 30. fxe3 Rxc6
31. Kf2 b5 32. Kf3 b4 33. e4 b3 34. axb3 Rc3+ 35. Kf4 Rxb3 36. e5 Rb2 37. e6
Rf2+ 38. Ke5 Kf8 39. Ra8+ Ke7 40. Ra7+ Kf8 41. Rd7 Rxg2 42. Kd6 Rd2+ 43. Kc7
Re2 44. Kd6 Rd2+ 45. Kc7 {1/2-1/2 Stull,N-Sosa Harrison,J/Novi Sad 1990/TD}) {
# Las blancas tienen un fuerte peón pasado en d5, pero de aquí a que llegue a
coronar queda mucho camino. En su siguiente jugada o tras el cambio de torres
López debió haber jugado ...Nc5 para cambiar el alfil de b3.} 17... Rxe1+ 18.
Rxe1 Nf6 {Parece fuerte ya que si el peón avanza Bxf3 destroza el enroque
negro. Hasta Fritz da ventaja negra aquí. Pero Illescas sin duda había
analizado esta posición en casa.} 19. d6 $1 Bxf3 20. gxf3 {
Ahora se amenaza Re7 ganando. ?Qué hacer?} Rc6 21. d7 $1 {Con la amenaza Ba4
seguido de Re8 ganando. 21...Nxd7 22.Rd1 seguido de 23.Ba4 gana pieza,
mientras que 21...Qxd7 (el mal menor) 22.Qxd7 Nxd7 23.Re7 ofrece a las blancas
clara ventaja en el final. López, con pocos minutos en su reloj, elige la
tercera vía.} a6 $4 {Con esta jugada está claro que se evita Ba4 (por ...b5),
pero Illescas remata de otra forma.} 22. Re7 $1 {La torre no puede ser
capturada por d8=Q por lo que López abandonó. Illescas utilizó aproximadamente
5 minutos para toda la partida, por lo que es de suponer que tenía toda la
variante analizada en casa.} 1-0

[Event "Corus A"]
[Site "Wijk aan Zee NED"]
[Date "2005.01.18"]
[Round "4"]
[White "Kramnik, Vladimir"]
[Black "Sokolov, Ivan"]
[Result "1-0"]
[WhiteElo "2754"]
[BlackElo "2685"]
[Annotator "Ubilava, E"]
[PlyCount "71"]
[EventDate "2005.01.15"]
[Source "EDAMI"]
[SourceDate "2006.12.20"]

{Yo diría que ésta es una victoria típica del Kramnik de los últimos años,
donde el campeón del mundo una vez mas subraya sus preferencias de salida con
el peón de rey y en el medio juego muestra su fina y profunda evaluación de la
posicióon. La novedad de Sokolov 17...f5 no está bien justificada, como
demuestra Kramnik con sus réplicas naturales.} 1. e4 e5 2. Nf3 Nc6 3. Bb5 a6 4.
Ba4 Nf6 5. O-O Be7 6. Re1 b5 7. Bb3 d6 8. c3 O-O 9. h3 Na5 10. Bc2 c5 11. d4
cxd4 12. cxd4 Bb7 {Esta continuación es una de las principales en el
repertorio de I.Sokolov y se supone que, en su preparación previa, Kramnik
debió  investigar con bastante profundidad esta la posición, para encontrar el
plan que pudiera demostrar la ventaja de las blancas. Este razonamiento nos
lleva a la conclusión que el plan que ahora ejecuta Vladi, es el fruto de una
previa preparación casera.} 13. d5 Rc8 14. Nbd2 ({
I.Sokolov ha tenido una satisfactoria  experiencia contra las continuaciones:} 
14. b3 Qc7 15. Bd3 Nh5 16. Bd2 Nf4 17. Bxf4 exf4 18. Nbd2 Bf6 {
con igualdad, A.Shirov-I.Sokolov Bosnia 2004}) (14. a4 Qc7 15. Bd3 b4 16. Be3
Nc4 17. Qe2 Nxe3 18. Qxe3 Nh5 19. g3 Qd7 20. Kh2 f5 {
con gran ventaja para las negras, H.Nezad-I.Sokolov ACP Amsterdam 2004.}) 14...
Qc7 15. Bd3 Nd7 ({La variante} 15... Nh5 16. Nf1 Nf4 17. Bxf4 exf4 18. Qd2 Bf6
(18... g5 19. h4 h6 20. hxg5 hxg5 21. g3) 19. Rac1 Qb6 20. b4 Nc4 21. Qxf4 {
no tiene buena pinta para las negras.}) 16. Nf1 Nc5 17. b3 $1 {Aunque todos
conocemos la importancia del alfil de casillas blancas en la Apertura Española,
no es menos importante dejar una pieza adversaria fuera de juego (el caballo
en a5) y ahorrar tiempo para reagrupar las piezas.} f5 $6 {Sokolov intenta
reanimar la idea de esta ruptura pero, según demuestra la presente partida,
las negras no pueden igualar completamente la posición.} 18. exf5 Bf6 {
En esta jugada deposita sus esperanzas el jugador holandés. No valedirectamente
} (18... e4 19. Bxe4 Bf6 {por} 20. Rb1 ({también es posible} 20. Nd4 Nxe4 21.
Rxe4 Bxd5 22. Re1 (22. Rg4 Bf7 23. Bg5 Bh5) 22... Qc5 23. Be3) 20... Bc3 21.
Re3 Nxe4 22. Rxe4 Rxf5 23. Ne3 Rff8 24. Qd3 {con ventaja decisiva.}) ({
En la partida original las negras jugaron} 18... Bxd5 {pero después de} 19. Be2
Bxf3 20. Bxf3 Nc6 21. Ne3 Kh8 22. Nd5 Qd8 23. Be3 {las blancas quedaron con
ventaja, J.Sax-V.Tseshkovsky Hoogovens Wijk aan Zee 1989.}) 19. Be4 Qf7 20. Ng3
Nxe4 21. Nxe4 Qxd5 {diagrama.} 22. Bd2 $1 {
Con esta fineza las blancas logran una posición a su gusto. No vale} (22. Qxd5+
$2 Bxd5 23. Nxd6 e4 24. Nxc8 Rxc8) ({tampoco convence} 22. Nxd6 Qxd1 23. Rxd1
Bxf3 24. gxf3 Rc2 25. Ne4 Nc6 26. Be3 Nd4 {
y en ambas variantes las negras están bien.}) 22... Nc6 23. Bg5 $1 {Las blancas
neutralizan el molesto alfil negro y logran una ventaja estratégica a largo
plazo.} Nb4 24. Bxf6 gxf6 25. Nxd6 Qxd1 ({pierde} 25... Nc2 26. Qxd5+ Bxd5 27.
Nxc8 Rxc8 {por} 28. Rac1) 26. Rexd1 Bxf3 27. gxf3 Rc3 {diagrama.} 28. a4 $3 {
Esta ruptura es clave para demostrar las aspiraciones de las blancas. Como es
fácil de apreciar, el rey negro no está del todo cómodo por los defectos
estructurales y la debilidad de la séptima fila, pero las blancas necesitan
operar con todas sus piezas para doblegar a su rival y la última jugada sirve
para esa meta.} ({No supera la prueba la jugada} 28. Kg2 {por} Nd3) 28... Rxb3
(28... Rxf3 {parece un poco mejor, pero las blancas mantienen el mismo
concepto de su "modus operandi":} 29. axb5 axb5 30. Kg2 Rxb3 31. Kh2 Kg7 32.
Rg1+ Kh6 33. Rg4 Nc6 34. Rag1 Kh5 35. Rg7 h6 (35... Kh6 36. Nf7+) 36. Ne4 Nd4
37. R1g4 Nxf5 38. Rg8 Rf7 39. Ng3+ Rxg3 40. fxg3 {con una victoria próxima.}) (
{si las negras eligen} 28... Nc2 29. Rac1 bxa4 30. bxa4 Nd4 {
las blancas pueden mantener su ventaja con} 31. Kg2 ({no es suficiente} 31.
Rxc3 Ne2+ 32. Kh2 Nxc3 33. Rg1+ Kh8 34. Rc1 Nxa4 35. Rc6 a5 36. Ne4 Kg7 {
con igualdad}) 31... Ra3 32. Rc7 Nxf3 33. Rb1 Nh4+ 34. Kf1 h6 {Fritzi} 35. Rd7
$1 Ra8 36. Rbb7 {con gran ventaja.}) ({la jugada} 28... bxa4 {
también es dudosa por} 29. Rxa4 Rb8 30. Ne4 Rc6 31. Rd7) 29. axb5 axb5 30. Kh2
{Amenaza 31.Rg1+ Kh8 32.Nf7+ y 33.Ra8 mate.} Kg7 31. Rg1+ Kh6 32. Rg4 Nc6 33.
Rag1 Kh5 34. Rg7 h6 35. Ne4 Rxf3 36. R1g4 {
El mate es inevitable en pocas jugadas.} 1-0